00442cam a2200157ua 45000010005000000080039000050400009000440820014000531000035000672450068001022500009001702600040001793000017002196530014002366530034002502052110806n ii |||gr||||Z||||||eng cMAIN a370.54162 aChakravarty, Archana,eAuthor.1 aHistory of education in assam 1826-1919cby Archana Chakravarty a1st. aNew Delhi:bMittal Publication,989. a163p:c23cm. aEducation aHistory of education in assam